Since yesterday; (Бичлэгийн дугаар. 145077)
| 000 -УДИРДЛАГА | |
|---|---|
| Удирдлага | 01193 a2200337 4500 |
| 003 - ХЯНАЛТЫН ТОО ТОДОРХОЙЛОГЧ | |
| Код | MN-UlNUM |
| 005 - БИЧИЛТ ХИЙСЭН ОГНОО | |
| Тухайн бичилтийг бичсэн засварласан сүүлийн огноо | 20251028170914.0 |
| 008 - ЕРӨНХИЙ МЭДЭЭЛЭЛ | |
| Ерөнхий мэдээлэл | 110605s1986 nyucfh b 001 0 eng d |
| 020 ## - ISBN | |
| ISBN | 0060913223 |
| 040 ## - БИЧЛЭГ ҮҮСГЭГЧ БАЙГУУЛЛАГА | |
| Бичлэг үүсгэгч номын сангийн код | МУИС-ийн номын сан |
| 084 ## - ББК АНГИЛАЛ | |
| ББК ангилал | 63.3(7)615 |
| Зохиогчийн гурван тэмдэгт | A 38 |
| Нэмэлт тусгалт | Гарын авлага |
| Мэдлэгийн ялгаа | 63 - Түүх |
| 100 1# - ЗОХИОГЧ | |
| Зохиогчийн нэр | Allen, Frederick Lewis, |
| Зохиогчийн огноо | 1890-1954 |
| 245 10 - ҮНДСЭН ГАРЧИГ | |
| Номын нэр | Since yesterday; |
| Бага гарчгийн мэдээ | The 1930s in America, September 3, 1929-September 3, 1939, |
| Оролцогчдын тухай мэдээ | by Frederick Lewis Allen |
| 260 ## - ГАРАЛТЫН МЭДЭЭ | |
| Хэвлэгдсэн газар | New York, |
| Хэвлэлийн газар | Harper & brothers, |
| Хэвлэгдсэн он | c1986 |
| 300 ## - МАТЕРИАЛЫН ТОДОРХОЙЛОЛТ | |
| хуудасны тоо | xiv, p., 1 l., 362 p. |
| Бусад тоон мэдээлэл | front., plates, ports., facsims. |
| Хэмжээ | 22 cm. |
| 500 ## - Тайлбар | |
| Дансны дугаар | БС 5605 |
| 546 ## - ХЭЛНИЙ ТУХАЙ МЭДЭЭ | |
| Хэл | Англи хэл дээр, |
| 653 ## - Түлхүүр үг | |
| Түлхүүр үг | United States |
| 653 ## - Түлхүүр үг | |
| Түлхүүр үг | history |
| 653 ## - Түлхүүр үг | |
| Түлхүүр үг | social conditions |
| 653 ## - Түлхүүр үг | |
| Түлхүүр үг | economic conditions |
| 740 ## - НОМЫН ГАРЧИГ | |
| Гарчиг | Introduction |
| 740 ## - НОМЫН ГАРЧИГ | |
| Гарчиг | The cattle keepers: East African pastoralism |
| 740 ## - НОМЫН ГАРЧИГ | |
| Гарчиг | The camel nomads: The Desert Bedouins |
| 740 ## - НОМЫН ГАРЧИГ | |
| Гарчиг | The good shepherds: Pastoral tribes of southwest asia |
| 740 ## - НОМЫН ГАРЧИГ | |
| Гарчиг | The horse riders: Nomads of the Eurasian steppe |
| 740 ## - НОМЫН ГАРЧИГ | |
| Гарчиг | The Yak breeders: High altitude pastoralism in tibet |
| 740 ## - НОМЫН ГАРЧИГ | |
| Гарчиг | The enduring nomad: Perceptions and realities |
| 942 ## - ЭЛЕМЕНТИЙН ТӨРӨЛ | |
| Зүйлийн төрөл | Ном |
